Думки летять на Україну: народні вірші (Запис № 426832)

МАРК-запис
000 -Лідер
fixed length control field 00762nam a22002537a 4500
001 - Контрольний номер
control field 46729
003 - Ідентифікатор контрольного номера
control field UA-OsUOA
005 - Дата та час останнього входження (трансакції)
control field 20200109124824.0
007 - Фіксоване поле фізичного опису
fixed length control field ta
008 - Елементи даних фіксованої довжини – загальна інформація
fixed length control field 20120510b un ||||| |||| 00| 0 ukr d
040 ## - Джерело каталогізації
Агенція оригінальної каталогізації UA-OsUOA
Мова каталогізації ukr
Агенція, яка здійснювала перезапис UA-OsUOA
Агенція, яка здійснювала модифікацію UA-OsUOA
041 ## - Код мови
Код мови тексту/ звукової доріжки чи окремого заголовка (П) ukr
080 ## - Індекс Універсальної десяткової класифікації
Індекс Універсальної десяткової класифікації (УДК) (НП) 82-1
090 ## - Локальний шифр розміщення
Класифікаційний індекс УДК 82-1
Авторський знак (НП) М74
100 ## - Основне введення – ім’я особи
Ім’я особи (НП) Могилянка Д.
245 ## - Відомості про назву
Назва (НП) Думки летять на Україну: народні вірші
260 ## - Публікація, розповсюдження і т.п. (Вихідні дані)
Місце публікації, розповсюдження і т.п. (П) Едмонтон
Дата публікації, розповсюдження і т.п. (П) 1962
300 ## - Фізичний опис
Обсяг 123 с.
650 #7 - Додаткове предметне введення – тематичний термін
Тематичний термін чи географічна назва, як елемент введення (НП) 82 Література. Літературознавство
Джерело заголовка чи терміна UDC
942 ## - Додаткові елементи входу (Коха)
Тип елемента Koha Книги
Source of classification or shelving scheme Universal Decimal Classification
955 ## - Код типу видання за змістом
Код типу видання за змістом (НП) Літературно-художні видання
Фонди
Стан вилучень Стан втрат Джерело класифікації або схеми стелажів Стан уражень Не для кредиту Постійне місце розташування Поточне розміщення Дата придбання Джерело придбання Вартість, звичайна ціна покупки Інвентарний номер Усього замовленно Повний номер виклику Штрих-код Дата останнього перегляду Ціна ефективна від Тип елемента Koha
    Universal Decimal Classification     Наукова бібліотека ІДУД Наукова бібліотека ІДУД 10/05/2012 275/2012 1.00 2133155   82-1 М74 2133155 14/09/2019 10/05/2012 Книги
    Universal Decimal Classification     Наукова бібліотека ІДУД Наукова бібліотека ІДУД 13/07/2012 280/2012 1.00 2133761   82-1 М74 2133761 14/09/2019 13/07/2012 Книги
    Universal Decimal Classification     Наукова бібліотека ІДУД Наукова бібліотека ІДУД 09/11/2006 58/2006 1.00 2126058   82-1 М74 2126058 15/09/2019 09/11/2006 Книги